000 00681nam a2200289Ia 4500
005 20260324133946.0
008 008 260324s9999 xx 000 0 eng d
020 _a9780203995365
037 _aEBOOK
040 _aCRL
040 _beng
040 _cCRL
041 _2eng
041 _aeng
084 _qCRL
100 _aTrudi Petersen
_91195033
245 0 _aWorking with Substance Misusers
245 2 _bA Guide to Theory and Practice
260 _bTaylor and Francis
260 _c2002
365 _a
365 _b300
856 _uhttp://www.taylorfrancis.com/books/9780203995365
942 _cEBOOK
999 _c1794625
_d1794625